Les plus grandes villes du bassin du Mississippi sur une carte - Statistiques

Statistiques générales
  • Ce quiz a été pris 441 fois
  • Le résultat moyen est 11 sur 20
Réponses sur la Carte
Les réponses sont colorées sur une échelle allant du rouge au vert en fonction du pourcentage des utilisateurs qui les ont devinées à leur premier essai. Vous pouvez retrouver ces pourcentages ci-dessous.
 
Statistiques - réponses
Population Ville % Correct
914 531 La Nouvelle-Orléans
93%
2 686 147 Denver – Aurora
83%
631 326 Baton Rouge
78%
2 914 866 Minneapolis – Saint-Paul
78%
2 156 323 St. Louis
75%
1 699 881 Indianapolis
74%
1 674 218 Kansas City
72%
1 056 190 Memphis
69%
982 276 Oklahoma City
66%
1 158 642 Nashville
62%
1 686 744 Cincinnati
48%
974 397 Louisville
48%
542 486 Des Moines
47%
1 745 039 Pittsburgh
45%
1 567 254 Columbus
41%
819 508 Omaha
35%
632 494 Colorado Springs
31%
722 810 Tulsa
27%
674 046 Dayton
18%
597 257 Knoxville
17%
Aucun quiz correspondant
Distribution des résultats
% des personnes avec chaque résultat
Percentile par nombre de réponses
Votre historique - résultats
Vous n’avez pas pris ce quiz